| 000 | 00000nam##2200000za#4500 |
| 001 | 9.615999 |
| 003 | CaOODSP |
| 005 | 20220808101316 |
| 007 | ta |
| 008 | 150406|2001||||xxc||||| f|0| 0 eng|d |
| 020 | |a0-662-28980-3 |
| 040 | |aCaOODSP|beng |
| 043 | |an-cn--- |
| 086 | 1 |aEn40-215/51E |
| 110 | 1 |aCanada. |bEnvironment Canada. |bEnvironmental Protection Service. |
| 245 | 10|aEthylene oxide |
| 260 | |aOttawa - Ontario : |bEnvironment Canada. |c2001. |
| 300 | |avi, 82p. : |bfigs., graphs, references, tables ; |c28 cm. |
| 490 | 1 |aPriority substances list assessment report |
| 500 | |aAt head of title: "Canadian Environmental Act, 1999". |
| 563 | |aSpiral binding |
| 590 | |a02-26|b2002-06-28 |
| 775 | 08|tOxyde d'éthylène |w(CaOODSP)9.625950 |
| 776 | 0#|tEthylene Oxide |w(CaOODSP)9.566596 |
| 830 | #0|aPriority substances list assessment report.|w(CaOODSP)9.514568 |